[Event "Tudoriv Stadnyk Memorial"]
[Site "Tudoriv"]
[Date "2021.12.09"]
[Round "8"]
[White "Babiy, Igor"]
[Black "Sharapov, Evgeny"]
[Result "1/2-1/2"]
[WhiteElo "2260"]
[BlackElo "2380"]
[PlyCount "36"]
[EventDate "2021.12.05"]
[EventType "tourn"]
[EventRounds "10"]
[EventCountry "UKR"]
[EventCategory "2"]
[SourceTitle "CBM 205 Extra"]
[Source "ChessBase"]
[SourceDate "2022.01.31"]
[SourceVersion "1"]
[SourceVersionDate "2022.01.31"]
[SourceQuality "1"]

1. Nf3 c5 2. c4 Nc6 3. Nc3 e5 4. g3 g6 5. Bg2 Bg7 6. 0-0 d6 7. a3 a5 8. Ne1 Be6 9. d3 Nge7 10. Nc2 d5 11. cxd5 Nxd5 12. Ne3 Nde7 13. Nc4 0-0 14. Bg5 f6 15. Be3 b6 16. Qa4 Rc8 17. Qb5 Bxc4 18. dxc4 Nd4 1/2-1/2

[Event "Kiev Shystariov Rapid"]
[Site "Kiev"]
[Date "2021.08.28"]
[Round "5"]
[White "Babiy, Igor"]
[Black "Kovalenko, Igor"]
[Result "0-1"]
[WhiteElo "2263"]
[BlackElo "2644"]
[PlyCount "78"]
[EventDate "2021.08.28"]
[EventType "swiss (rapid)"]
[EventRounds "9"]
[EventCountry "UKR"]
[SourceTitle "CBM 204 Extra"]
[Source "ChessBase"]
[SourceDate "2021.11.30"]
[SourceVersion "1"]
[SourceVersionDate "2021.11.30"]
[SourceQuality "1"]

1. Nf3 c5 2. c4 Nc6 3. Nc3 g6 4. g3 Bg7 5. Bg2 d6 6. a3 h5 7. Rb1 Bf5 8. d3 Qd7 9. h3 Rc8 10. Bd2 Nd4 11. Ng5 f6 12. Nge4 Nh6 13. e3 Nc6 14. b4 b6 15. Nd5 Nf7 16. Qb3 Bxe4 17. Bxe4 f5 18. Bg2 e6 19. Nf4 g5 20. Ne2 h4 21. Bc3 Nfe5 22. Rd1 hxg3 23. Nxg3 Rh4 24. Ne2 Nd8 25. Qb2 Kf8 26. f4 Ng6 27. Bxg7+ Qxg7 28. Qxg7+ Kxg7 29. fxg5 Nf7 30. e4 f4 31. d4 cxb4 32. axb4 Nxg5 33. Kf2 Rxc4 34. Ra1 Rxb4 35. Rxa7+ Kf6 36. Rc1 Rb2 37. Rcc7 f3 38. Bxf3 Rf4 39. Ke1 Nxf3+ 0-1

[Event "Kiev Spring op"]
[Site "Kiev"]
[Date "2021.07.15"]
[Round "7"]
[White "Vysochin, Spartak"]
[Black "Babiy, Igor"]
[Result "1-0"]
[WhiteElo "2503"]
[BlackElo "2241"]
[PlyCount "43"]
[EventDate "2021.07.10"]
[EventType "swiss"]
[EventRounds "9"]
[EventCountry "UKR"]
[SourceTitle "EXT 2024"]
[Source "ChessBase"]
[SourceDate "2023.10.10"]
[SourceVersion "1"]
[SourceVersionDate "2023.10.10"]
[SourceQuality "1"]

1. d4 d5 2. c4 c6 3. Nf3 Nf6 4. Nc3 e6 5. Bg5 Nbd7 6. e3 Be7 7. Qc2 b6 8. Bd3 Bb7 9. 0-0 dxc4 10. Bxc4 c5 11. dxc5 Nxc5 12. Bb5+ Kf8 13. Rfd1 Nd5 14. b4 Bxg5 15. bxc5 Bf6 16. c6 Rc8 17. Nxd5 exd5 18. Rac1 Ba8 19. c7 Qd6 20. Ba6 Ke7 21. e4 Be5 22. Nxe5 1-0

[Event "Kiev Spring op"]
[Site "Kiev"]
[Date "2021.07.13"]
[Round "5"]
[White "Babiy, Igor"]
[Black "Sidorika, Vladislav"]
[Result "1-0"]
[WhiteElo "2241"]
[BlackElo "2308"]
[PlyCount "65"]
[EventDate "2021.07.10"]
[EventType "swiss"]
[EventRounds "9"]
[EventCountry "UKR"]
[SourceTitle "EXT 2024"]
[Source "ChessBase"]
[SourceDate "2023.10.10"]
[SourceVersion "1"]
[SourceVersionDate "2023.10.10"]
[SourceQuality "1"]

1. c4 Nf6 2. Nf3 c5 3. Nc3 Nc6 4. g3 d5 5. cxd5 Nxd5 6. Nxd5 Qxd5 7. Bg2 g6 8. 0-0 Bg7 9. d3 0-0 10. Be3 Bxb2 11. Rb1 Bg7 12. Qa4 Qd6 13. Nd2 Nd4 14. Bxd4 cxd4 15. Bxb7 Rb8 16. Bxc8 Rfxc8 17. Rxb8 Rxb8 18. Qxa7 Qd8 19. Qa3 Ra8 20. Qb2 Qa5 21. Ra1 Rc8 22. Nc4 Qf5 23. a4 Bf6 24. Rb1 Kg7 25. Qb7 h5 26. a5 Rxc4 27. dxc4 Qxa5 28. Qb5 Qc3 29. Qb3 Qa5 30. h4 e5 31. Qf3 Qa4 32. Qd5 e4 33. Rb7 1-0

[Event "Kiev Spring op"]
[Site "Kiev"]
[Date "2021.07.12"]
[Round "3"]
[White "Babiy, Igor"]
[Black "Toktomushev, Teimur"]
[Result "1-0"]
[WhiteElo "2241"]
[BlackElo "1903"]
[PlyCount "63"]
[EventDate "2021.07.10"]
[EventType "swiss"]
[EventRounds "9"]
[EventCountry "UKR"]
[SourceTitle "EXT 2024"]
[Source "ChessBase"]
[SourceDate "2023.10.10"]
[SourceVersion "1"]
[SourceVersionDate "2023.10.10"]
[SourceQuality "1"]

1. Nf3 d5 2. g3 Nf6 3. Bg2 e6 4. 0-0 Be7 5. d3 0-0 6. Nbd2 c5 7. e4 Nc6 8. Re1 b5 9. e5 Nd7 10. Nf1 a5 11. h4 f5 12. exf6 Nxf6 13. N1h2 Bd6 14. Ng5 Re8 15. Ng4 Bd7 16. c4 Nxg4 17. Qxg4 Ne5 18. Rxe5 Bxe5 19. cxd5 Ra6 20. Qe4 Bd4 21. Qxh7+ Kf8 22. Qh5 Kg8 23. Qf7+ Kh8 24. Qg6 Kg8 25. Be3 Qf6 26. Qh7+ Kf8 27. d6 Rxd6 28. Ne4 Qe7 29. Bg5 Qf7 30. Nxd6 Qxf2+ 31. Kh1 Bf6 32. Bxf6 1-0

[Event "Elitzur Int Online"]
[Site "Chess.com INT"]
[Date "2020.11.01"]
[Round "5"]
[White "Bakalchuk, Johnatan"]
[Black "Babiy, Igor"]
[Result "0-1"]
[WhiteElo "2441"]
[BlackElo "2241"]
[PlyCount "114"]
[EventDate "2020.11.01"]
[EventType "swiss (blitz)"]
[EventRounds "11"]
[EventCountry "ISR"]
[SourceTitle "CBM 199 Extra"]
[Source "ChessBase"]
[SourceDate "2021.01.31"]
[SourceVersion "1"]
[SourceVersionDate "2021.01.31"]
[SourceQuality "1"]

1. e4 d5 2. exd5 Qxd5 3. Nc3 Qa5 4. d4 Nf6 5. Bc4 Nc6 6. Nge2 Bg4 7. f3 Bf5 8. Bd2 0-0-0 9. Nd5 Qa4 10. b3 Qa3 11. Bc1 Qd6 12. Ne3 Bg6 13. Bb2 e5 14. d5 Nb4 15. Nc3 Qb6 16. Ke2 Qd4 17. Na4 Qxd1+ 18. Rhxd1 e4 19. a3 exf3+ 20. gxf3 Nxc2 21. Nxc2 Bxc2 22. Rd2 Bg6 23. Rc1 Bd6 24. Kf1 Bf4 25. Rdc2 Bxc1 26. Bxc1 Nxd5 27. Re2 Nb6 28. Nxb6+ axb6 29. Bf4 Rhe8 30. Rb2 Rd1+ 31. Kg2 Ree1 32. a4 Rg1+ 33. Kf2 Rh1 34. Re2 Kd7 35. Bg3 Bd3 36. Re5 Bxc4 37. bxc4 c6 38. Rf5 f6 39. Rf4 Rd2+ 40. Ke3 Rhd1 41. Rh4 h6 42. Rg4 g5 43. Re4 Rd3+ 44. Ke2 R1d2+ 45. Ke1 Rd4 46. Re3 R2d3 47. Re2 Rxc4 48. Rb2 Rxa4 49. Rxb6 Kc8 50. Rb2 Rda3 51. Rb6 Ra2 52. Rb3 Rc2 53. Kd1 Rg2 54. Rb1 Rg1+ 55. Be1 Ra2 56. Rc1 Rxh2 57. Rc3 Rhh1 0-1

[Event "Elitzur Int Online"]
[Site "Chess.com INT"]
[Date "2020.11.01"]
[Round "7"]
[White "Sivuk, Vitaly"]
[Black "Babiy, Igor"]
[Result "1-0"]
[WhiteElo "2550"]
[BlackElo "2241"]
[PlyCount "71"]
[EventDate "2020.11.01"]
[EventType "swiss (blitz)"]
[EventRounds "11"]
[EventCountry "ISR"]
[SourceTitle "CBM 199 Extra"]
[Source "ChessBase"]
[SourceDate "2021.01.31"]
[SourceVersion "1"]
[SourceVersionDate "2021.01.31"]
[SourceQuality "1"]

1. d4 d5 2. c4 c6 3. Nf3 Nf6 4. Nc3 e6 5. Bg5 Nbd7 6. e3 Qa5 7. cxd5 Nxd5 8. Qd2 N7b6 9. Bd3 Bb4 10. Rc1 Na4 11. a3 Bxc3 12. bxc3 h6 13. Bh4 b6 14. c4 Qxd2+ 15. Kxd2 Ne7 16. Rb1 c5 17. Bc2 Bd7 18. Ne5 b5 19. cxb5 Nb6 20. dxc5 Nbd5 21. c6 Bc8 22. Nc4 f6 23. Nd6+ Kf8 24. e4 Nb6 25. a4 g5 26. Bg3 e5 27. a5 Kg7 28. axb6 Rd8 29. b7 Rxd6+ 30. Kc3 Bxb7 31. cxb7 Rb8 32. Rhd1 Rxd1 33. Rxd1 Rxb7 34. Bd3 Nc8 35. f3 Nd6 36. Rb1 1-0

[Event "Titled Tuesday intern op 9th June"]
[Site "Chess.com INT"]
[Date "2020.06.09"]
[Round "6"]
[White "Sahil, Tickoo"]
[Black "Babiy, Igor"]
[Result "0-1"]
[WhiteElo "2245"]
[BlackElo "2243"]
[PlyCount "122"]
[EventDate "2020.06.09"]
[EventType "swiss (blitz)"]
[EventRounds "10"]
[EventCountry "USA"]
[SourceTitle "CBM 196 Extra"]
[Source "ChessBase"]
[SourceDate "2020.07.31"]
[SourceVersion "1"]
[SourceVersionDate "2020.07.31"]
[SourceQuality "1"]

1. d4 d5 2. Bf4 Nf6 3. e3 c5 4. c3 Qb6 5. Qb3 Nc6 6. Nd2 g6 7. Ngf3 c4 8. Qxb6 axb6 9. e4 dxe4 10. Ng5 b5 11. Ngxe4 Nd5 12. Bg3 Bg7 13. a3 0-0 14. Be2 e5 15. dxe5 Nxe5 16. Nd6 Rd8 17. Nxb5 Nd3+ 18. Bxd3 cxd3 19. 0-0 Bh6 20. Nf3 Bd7 21. Nc7 Nxc7 22. Bxc7 Rdc8 23. Be5 Ba4 24. Bd4 Re8 25. Ne5 d2 26. f4 d1Q 27. Rfxd1 Bxd1 28. Rxd1 Bxf4 29. Nf3 Be3+ 30. Bxe3 Rxe3 31. Kf2 Re6 32. Rd7 Rb6 33. Rd2 Kg7 34. h4 Ra5 35. g3 Rab5 36. b4 Ra6 37. Ra2 Rf5 38. Kg2 Rff6 39. a4 Rac6 40. Ra3 Rc4 41. a5 Rfc6 42. Ne5 Rxc3 43. Ra4 Rc2+ 44. Kh3 Re6 45. Ng4 h5 46. Nh2 Re3 47. Nf1 Rb3 48. b5 Rxb5 49. Rf4 Rxa5 50. Ne3 Re2 51. Nc4 Raa2 52. g4 Rh2+ 53. Kg3 Rag2+ 54. Kf3 hxg4+ 55. Ke4 Rf2 56. Rxf2 Rxf2 57. Ne5 g3 58. Ke3 Rf5 59. Ng4 g2 60. h5 g1Q+ 61. Kd3 Qxg4 0-1

[Event "Titled Tuesday intern op 6th June"]
[Site "Chess.com INT"]
[Date "2020.06.02"]
[Round "2"]
[White "Babiy, Igor"]
[Black "Donchenko, Alexander"]
[Result "0-1"]
[WhiteElo "2243"]
[BlackElo "2646"]
[PlyCount "78"]
[EventDate "2020.06.02"]
[EventType "swiss (blitz)"]
[EventRounds "10"]
[EventCountry "USA"]
[SourceTitle "CBM 196 Extra"]
[Source "ChessBase"]
[SourceDate "2020.07.31"]
[SourceVersion "1"]
[SourceVersionDate "2020.07.31"]
[SourceQuality "1"]

1. Nf3 Nf6 2. c4 e6 3. g3 a6 4. Bg2 b5 5. b3 c5 6. Na3 Qb6 7. 0-0 Bb7 8. Qc2 Be7 9. Bb2 0-0 10. Rfd1 h6 11. Rac1 d5 12. d4 dxc4 13. bxc4 b4 14. Nb1 Nbd7 15. Nbd2 Rfc8 16. Nb3 a5 17. e3 a4 18. Nxc5 Nxc5 19. dxc5 Qxc5 20. Ne5 Bxg2 21. Kxg2 Rab8 22. Kg1 b3 23. axb3 axb3 24. Qc3 Qb4 25. Qd4 Rd8 26. Qf4 Rxd1+ 27. Rxd1 Rd8 28. Rxd8+ Bxd8 29. Nc6 Qd2 30. Qd4 Qe1+ 31. Kg2 Bc7 32. h3 Qb1 33. g4 Qc2 34. h4 h5 35. g5 Qe4+ 36. Qxe4 Nxe4 37. Kf3 Nd2+ 38. Ke2 Nxc4 39. Kd3 Nxb2+ 0-1

[Event "Titled Tuesday intern op 6th June"]
[Site "Chess.com INT"]
[Date "2020.06.02"]
[Round "3"]
[White "Huda, Maryana"]
[Black "Babiy, Igor"]
[Result "0-1"]
[WhiteElo "2128"]
[BlackElo "2243"]
[PlyCount "58"]
[EventDate "2020.06.02"]
[EventType "swiss (blitz)"]
[EventRounds "10"]
[EventCountry "USA"]
[SourceTitle "CBM 196 Extra"]
[Source "ChessBase"]
[SourceDate "2020.07.31"]
[SourceVersion "1"]
[SourceVersionDate "2020.07.31"]
[SourceQuality "1"]

1. e4 d5 2. exd5 Qxd5 3. Nc3 Qa5 4. d4 Nf6 5. Bc4 Nc6 6. Nf3 Bg4 7. h3 Bxf3 8. Qxf3 0-0-0 9. Be3 Nxd4 10. Bxd4 Rxd4 11. Bxf7 Re4+ 12. Kf1 Re5 13. g4 e6 14. Kg2 Bd6 15. Rhe1 Rf8 16. Bxe6+ Kb8 17. Rad1 a6 18. Bc4 Ne4 19. Qd3 Nxf2 20. Qd4 Nxd1 21. Rxd1 h5 22. Ne4 hxg4 23. Nxd6 gxh3+ 24. Kh1 Rd8 25. Qg1 Rxd6 26. Rxd6 cxd6 27. c3 Qc7 28. Bf1 Qe7 29. Bxh3 Re1 0-1

[Event "Titled Tuesday intern op 26th May"]
[Site "Chess.com INT"]
[Date "2020.05.26"]
[Round "5"]
[White "Babiy, Igor"]
[Black "Konovalova, Vera"]
[Result "0-1"]
[WhiteElo "2243"]
[BlackElo "2101"]
[PlyCount "70"]
[EventDate "2020.05.26"]
[EventType "swiss (blitz)"]
[EventRounds "10"]
[EventCountry "USA"]
[SourceTitle "CBM 196 Extra"]
[Source "ChessBase"]
[SourceDate "2020.07.31"]
[SourceVersion "1"]
[SourceVersionDate "2020.07.31"]
[SourceQuality "1"]

1. Nf3 Nf6 2. c4 e6 3. g3 Bc5 4. Bg2 Nc6 5. 0-0 b6 6. d4 Be7 7. d5 Na5 8. b3 Bb7 9. Nc3 0-0 10. Nd4 Bc5 11. Bb2 exd5 12. cxd5 Re8 13. Qd3 Rb8 14. Rac1 Ba8 15. Nf5 Bf8 16. Nb5 c6 17. Nbd6 Bxd6 18. Nxd6 Rf8 19. e4 Nb7 20. Nf5 Nc5 21. Qd4 d6 22. g4 h6 23. h4 Re8 24. Rfe1 Re5 25. dxc6 Bxc6 26. g5 hxg5 27. Nxd6 Re6 28. Rcd1 Qe7 29. hxg5 Nh5 30. Bf3 Rd8 31. e5 Rdxd6 32. exd6 Rxe1+ 33. Rxe1 Qxe1+ 34. Kg2 Qe6 35. Bxc6 f6 0-1

[Event "Titled Tuesday intern op 26th May"]
[Site "Chess.com INT"]
[Date "2020.05.26"]
[Round "1"]
[White "Bartholomew, John"]
[Black "Babiy, Igor"]
[Result "0-1"]
[WhiteElo "2446"]
[BlackElo "2243"]
[PlyCount "122"]
[EventDate "2020.05.26"]
[EventType "swiss (blitz)"]
[EventRounds "10"]
[EventCountry "USA"]
[SourceTitle "CBM 196 Extra"]
[Source "ChessBase"]
[SourceDate "2020.07.31"]
[SourceVersion "1"]
[SourceVersionDate "2020.07.31"]
[SourceQuality "1"]

1. d4 d5 2. c4 c6 3. Nf3 Nf6 4. Nc3 e6 5. Bg5 Nbd7 6. e3 Qa5 7. cxd5 Nxd5 8. Qd2 N7b6 9. Bd3 Bb4 10. Rc1 Na4 11. 0-0 Naxc3 12. bxc3 Bxc3 13. Qc2 h6 14. Bh4 Bb4 15. e4 Nf4 16. Bc4 0-0 17. Ne5 Bd6 18. Bg3 Bxe5 19. dxe5 Ng6 20. f4 b6 21. Qb2 Ba6 22. Bxa6 Qxa6 23. f5 Ne7 24. Bh4 Rae8 25. Qf2 exf5 26. exf5 Nd5 27. Qg3 Qe2 28. Rfe1 Qh5 29. Rf1 Qe2 30. Rce1 Qh5 31. h3 f6 32. e6 Ne7 33. Qg4 Qxg4 34. hxg4 Rd8 35. Bg3 Rd5 36. Rc1 Rfd8 37. Kh2 Kf8 38. Rf3 Ke8 39. Ra3 Ra8 40. Bf2 c5 41. Rb1 Rdd8 42. Bg3 Nd5 43. Ra4 Nc3 44. Ra3 Nxb1 45. Re3 Nd2 46. Bc7 Rd4 47. Kh3 Nc4 48. Rc3 Rc8 49. Bg3 Re4 50. Kh4 Ne5 51. Kh5 Nxg4 52. Rd3 Ne5 53. Rd6 Rd8 54. Bxe5 Rxe5 55. Rc6 Rxf5+ 56. Kg6 Rg5+ 57. Kh7 Ke7 58. Rc7+ Kxe6 59. Rxa7 Rxg2 60. Rb7 Rd6 61. Rxb6 Rxb6 0-1

[Event "Titled Tuesday intern op 26th May"]
[Site "Chess.com INT"]
[Date "2020.05.26"]
[Round "4"]
[White "Janik, Igor"]
[Black "Babiy, Igor"]
[Result "1-0"]
[WhiteElo "2467"]
[BlackElo "2243"]
[PlyCount "61"]
[EventDate "2020.05.26"]
[EventType "swiss (blitz)"]
[EventRounds "10"]
[EventCountry "USA"]
[SourceTitle "CBM 196 Extra"]
[Source "ChessBase"]
[SourceDate "2020.07.31"]
[SourceVersion "1"]
[SourceVersionDate "2020.07.31"]
[SourceQuality "1"]

1. e4 d5 2. exd5 Qxd5 3. Nf3 Bg4 4. Be2 Nc6 5. 0-0 0-0-0 6. d3 Nf6 7. Nc3 Qf5 8. Ng5 Bxe2 9. Nxe2 Nd5 10. Ng3 Qg6 11. Qh5 Ne5 12. Qxg6 fxg6 13. d4 h6 14. dxe5 hxg5 15. Bxg5 Rd7 16. Rad1 e6 17. c4 Ne7 18. Rxd7 Kxd7 19. Rd1+ Ke8 20. b3 Nc6 21. f4 Bc5+ 22. Kh1 a5 23. Ne4 Bb4 24. g3 Rf8 25. Kg2 Rf7 26. h4 Rd7 27. Rxd7 Kxd7 28. Kf3 Nd4+ 29. Ke3 Nf5+ 30. Kd3 Kc6 31. g4 1-0

[Event "EU-ch Online U2300 Qual"]
[Site "Chess.com INT"]
[Date "2020.05.25"]
[Round "5"]
[White "Babiy, Igor"]
[Black "Pavlov, Mikhail"]
[Result "1-0"]
[WhiteElo "2243"]
[BlackElo "2091"]
[PlyCount "97"]
[EventDate "2020.05.25"]
[EventType "swiss"]
[EventRounds "8"]
[EventCountry "NET"]
[SourceTitle "EXT 2021"]
[Source "ChessBase"]
[SourceDate "2020.10.23"]
[SourceVersion "1"]
[SourceVersionDate "2020.10.23"]
[SourceQuality "1"]

1. Nf3 Nf6 2. c4 c5 3. Nc3 e6 4. g3 b6 5. Bg2 Bb7 6. 0-0 a6 7. d4 cxd4 8. Qxd4 Be7 9. Rd1 d6 10. b3 Nc6 11. Qf4 0-0 12. Ba3 Ne8 13. Rac1 Qc7 14. Nd5 exd5 15. cxd5 Rc8 16. Nd4 Nxd4 17. Rxc7 Nxe2+ 18. Kf1 Nxf4 19. Rxe7 Bxd5 20. Bxd5 Nxd5 21. Rxd5 Rc2 22. Re2 Rxe2 23. Kxe2 Nc7 24. Rd3 Re8+ 25. Kd2 d5 26. Bd6 Nb5 27. Bf4 d4 28. a4 Nc3 29. Rxd4 Ne4+ 30. Kd3 Nxf2+ 31. Kc4 Rc8+ 32. Kb4 f6 33. Be3 Rc2 34. Rd8+ Kf7 35. Bxb6 Ne4 36. Rd4 f5 37. Ka5 Rxh2 38. Kxa6 Nxg3 39. Bc7 Rg2 40. b4 Ne4 41. b5 Ra2 42. b6 h5 43. a5 h4 44. Rxe4 fxe4 45. b7 e3 46. b8Q e2 47. Qb3+ Kg6 48. Qe6+ Kh7 49. Kb7 1-0

[Event "EU-ch Online U2300 Qual"]
[Site "Chess.com INT"]
[Date "2020.05.25"]
[Round "7"]
[White "Babiy, Igor"]
[Black "Podetti, Davide"]
[Result "0-1"]
[WhiteElo "2243"]
[BlackElo "2173"]
[PlyCount "90"]
[EventDate "2020.05.25"]
[EventType "swiss"]
[EventRounds "8"]
[EventCountry "NET"]
[SourceTitle "EXT 2021"]
[Source "ChessBase"]
[SourceDate "2020.10.23"]
[SourceVersion "1"]
[SourceVersionDate "2020.10.23"]
[SourceQuality "1"]

1. Nf3 d5 2. c4 dxc4 3. Na3 Nf6 4. Nxc4 e6 5. g3 Be7 6. Bg2 0-0 7. 0-0 Nbd7 8. d3 c5 9. a4 Re8 10. a5 Nf8 11. a6 b6 12. Nfe5 Nd5 13. Nc6 Qc7 14. Nxe7+ Qxe7 15. d4 cxd4 16. Qxd4 Rd8 17. Ne5 Bd7 18. Nxd7 Rxd7 19. b3 Rad8 20. Ba3 Qg5 21. h4 Qh5 22. Bf3 Qf5 23. Rfc1 Ne7 24. Qc3 Nd5 25. Qd4 Ne7 26. Qc3 Nd5 27. Qc4 Ng6 28. Bb2 Ne5 29. Bxe5 Qxe5 30. Qb5 g6 31. Ra4 Kg7 32. Rac4 Qb2 33. Kg2 Nf6 34. Rc7 Qd4 35. R1c4 Qd6 36. Rxd7 Rxd7 37. Rc8 Rc7 38. Ra8 h5 39. Qa4 e5 40. Bb7 Rc2 41. Qb5 Rc3 42. Rxa7 e4 43. Ra8 Qd1 44. Qe5 Rc1 45. Bxe4 Qh1# 0-1

[Event "EU-ch Online U2300 Qual"]
[Site "Chess.com INT"]
[Date "2020.05.25"]
[Round "2"]
[White "Babiy, Igor"]
[Black "Zverev, Lev"]
[Result "0-1"]
[WhiteElo "2243"]
[BlackElo "2087"]
[PlyCount "94"]
[EventDate "2020.05.25"]
[EventType "swiss"]
[EventRounds "8"]
[EventCountry "NET"]
[SourceTitle "EXT 2021"]
[Source "ChessBase"]
[SourceDate "2020.10.23"]
[SourceVersion "1"]
[SourceVersionDate "2020.10.23"]
[SourceQuality "1"]

1. Nf3 d5 2. c4 e6 3. g3 Nf6 4. Bg2 Be7 5. 0-0 c6 6. d4 0-0 7. Nbd2 b6 8. Qc2 Bb7 9. e4 Na6 10. Rd1 Rc8 11. b3 c5 12. exd5 exd5 13. Bb2 dxc4 14. Nxc4 b5 15. dxc5 Qc7 16. Bxf6 Bxf6 17. Nd6 Bxa1 18. Nxc8 Rxc8 19. Rxa1 Nxc5 20. Ng5 g6 21. Bxb7 Qxb7 22. Rc1 Rc7 23. Qe2 Re7 24. Qf3 Qxf3 25. Nxf3 Ne6 26. Rc8+ Kg7 27. Rb8 a6 28. Rb6 Nc7 29. Nd4 Re4 30. Nc2 Re2 31. Nb4 a5 32. Nc6 Re6 33. Kf1 h5 34. h4 b4 35. Kg2 Kh6 36. Kf1 f6 37. Kg2 g5 38. hxg5+ fxg5 39. Kf1 h4 40. Kg2 hxg3 41. Kxg3 Kh5 42. Kh3 Rf6 43. Kg3 g4 44. Kg2 Kh4 45. Kh1 Kh3 46. Kg1 Rd6 47. Kf1 Re6 0-1

[Event "Titled Tuesday intern op 12th May"]
[Site "Chess.com INT"]
[Date "2020.05.12"]
[Round "4"]
[White "Neelash, Saha"]
[Black "Babiy, Igor"]
[Result "1-0"]
[WhiteElo "2413"]
[BlackElo "2243"]
[PlyCount "59"]
[EventDate "2020.05.12"]
[EventType "swiss (blitz)"]
[EventRounds "10"]
[EventCountry "USA"]
[SourceTitle "EXT 2021"]
[Source "ChessBase"]
[SourceDate "2020.10.23"]
[SourceVersion "1"]
[SourceVersionDate "2020.10.23"]
[SourceQuality "1"]

1. d4 d5 2. Bf4 Nf6 3. e3 c5 4. c3 Qb6 5. Qb3 c4 6. Qc2 g6 7. Nd2 Bf5 8. Qc1 Nc6 9. h3 h5 10. Ngf3 Bg7 11. Be2 0-0 12. 0-0 Qd8 13. Bd1 b5 14. Re1 b4 15. Ba4 bxc3 16. Bxc6 cxd2 17. Nxd2 Rc8 18. Bb7 Rc7 19. Bxc7 Qxc7 20. e4 dxe4 21. Bxe4 Nxe4 22. Nxe4 Bxd4 23. Qc2 Rb8 24. Rab1 Qf4 25. b3 cxb3 26. axb3 Rc8 27. Qe2 e5 28. g3 Qh6 29. Rbd1 Kg7 30. Nd6 1-0